[Event "CHI-ch sf"]
[Site "Quilpue"]
[Date "2022.02.04"]
[Round "1"]
[White "Puebla Arredondo, Claudio"]
[Black "Cerda Guzman, Cristian Alejandro"]
[Result "1-0"]
[WhiteElo "2167"]
[BlackElo "1724"]
[PlyCount "59"]
[EventDate "2022.02.04"]
[EventType "swiss"]
[EventRounds "8"]
[EventCountry "CHI"]
[SourceTitle "CBM 206 Extra"]
[Source "ChessBase"]
[SourceDate "2022.03.31"]
[SourceVersion "1"]
[SourceVersionDate "2022.03.31"]
[SourceQuality "1"]

1. e4 e5 2. Nf3 Nc6 3. Bb5 a6 4. Ba4 Nf6 5. 0-0 b5 6. Bb3 Be7 7. d4 d6 8. c3 0-0 9. Bg5 Re8 10. Re1 Bg4 11. d5 Na5 12. Bxf6 Bxf6 13. Qd3 Nb7 14. Nbd2 Qd7 15. h3 Bh5 16. Nf1 Bg6 17. Bc2 Be7 18. b4 c5 19. dxc6 Qxc6 20. Bb3 Rac8 21. Bd5 Qb6 22. a4 Nd8 23. axb5 axb5 24. Ra5 Ne6 25. g3 Nc7 26. Ne3 Bf8 27. Rea1 Rb8 28. Ra7 Nxd5 29. Nxd5 Qc6 30. Rc7 1-0